| 000 | 00645nam a2200253Ia 4500 | ||
|---|---|---|---|
| 008 | 190123s9999 xx 000 0 und d | ||
| 020 | _a9780545135337 | ||
| 050 | _bK519 2007 | ||
| 100 | _aKinerk, Robert | ||
| 245 | 0 | _aBear's first Christmas / | |
| 245 | 0 | _cby Robert Kinerk ; illustrated by Jim LaMarche. | |
| 260 | _aNew York, New York : | ||
| 260 | _bScholastic, | ||
| 260 | _c2007 | ||
| 300 | _aunpaged : | ||
| 300 | _bcolored illustrations ; | ||
| 300 | _c27cm. | ||
| 500 | _a1000L | ||
| 650 | _aBears. | ||
| 650 | _aChristmas stories. | ||
| 650 | _aForest animals. | ||
| 650 | _aStories in rhyme. | ||
| 700 | _aTitle. | ||
| 999 |
_c361223 _d361223 |
||